000
00368nam a22001577a 4500
003
MPLRDC
005
20220104143005.0
008
210129b ||||| |||| 00| 0 eng d
082
_a
220.136 XKFS
100
_a
玄空法师著述
245
_a
西方净土与人生
_c
260
_a
_b
荃湾西方寺
_c
300
_b
平
650
_a
942
_c
BK
_o
220.136 XKFS
999
_c
35564
_d
35554